Machine Learning: (Record no. 214770)

MARC details
000 -LEADER
fixed length control field 00816nam a22002417a 4500
005 - DATE AND TIME OF LATEST TRANSACTION
control field 20260210164150.0
010 ## - LCCN (DPL NO)
LC control number ENG-147783
020 ## - INTERNATIONAL STANDARD BOOK NUMBER
International Standard Book Number 9788199546110
Terms of availability 450.00
035 ## - SYSTEM CONTROL NUMBER
System control number EN-131315
037 ## - SOURCE OF ACQUISITION
Source of stock number/acquisition DBAD
082 ## - DEWEY DECIMAL CLASSIFICATION NUMBER
Classification number 006.31
Edition number 1
100 ## - MAIN ENTRY--PERSONAL NAME
Personal name Pandey, Anil
245 ## - TITLE STATEMENT
Title Machine Learning:
Remainder of title The Power Engine of Modern Industries/
Statement of responsibility, etc Anil Pandey...[et.al]
250 ## - EDITION STATEMENT
Edition statement 1
260 ## - PUBLICATION, DISTRIBUTION, ETC. (IMPRINT)
Place of publication, distribution, etc Chhattisgrah
Name of publisher, distributor, etc Aditi Publication
Date of publication, distribution, etc 2025
270 ## - ADDRESS
Address Opp.New Panchajanya Vidya Mandir, Near Tiranga Chowk, Kushalpur,Raipur, Chhattisgrah,INDIA
City Raipur
Telephone number +91 9425210308
300 ## - PHYSICAL DESCRIPTION
Extent 196p.
Dimensions 20(pb)
700 ## - ADDED ENTRY--PERSONAL NAME
Personal name Mishra, Ankit
Relator term Author
9 (RLIN) 87248
700 ## - ADDED ENTRY--PERSONAL NAME
Personal name Nigam, Manoj Kumar
Relator term Author
9 (RLIN) 87249
700 ## - ADDED ENTRY--PERSONAL NAME
Personal name Meshram, Amit Kumar
Relator term Author
9 (RLIN) 87250
760 ## - MAIN SERIES ENTRY
Edition 1
942 ## - ADDED ENTRY ELEMENTS (KOHA)
Source of classification or shelving scheme Dewey Decimal Classification
Item type English Books
Classification part 006.31
Call number suffix PAN
Edition 1
Holdings
Withdrawn status Lost status Not for loan Collection code Home library Current library Date acquired Source of acquisition Cost, normal purchase price Full call number Barcode Copy number Cost, replacement price Koha item type
      Non-fiction D.B.Act.Division D.B.Act.Division 10/02/2026 Delivery of Books Act Division 450.00 006.31 PAN EN-131315 1 450.00 English Books

© Delhi Public Library
Hit Counter
free hit counter